Manual para promotores de bibliotecas (Record no. 210363)
[ view plain ]
| 000 -CABECERA | |
|---|---|
| campo de control de longitud fija | 00889nam a22002297a 4500 |
| 005 - FECHA Y HORA DE LA ÚLTIMA TRANSACCIÓN | |
| campo de control | 20231004192258.0 |
| 008 - ELEMENTOS DE LONGITUD FIJA--INFORMACIÓN GENERAL | |
| campo de control de longitud fija | 230921b |||||||| |||| 00| 0 spa d |
| 020 ## - NÚMERO INTERNACIONAL NORMALIZADO PARA LIBROS | |
| Número Internacional Estándar del Libro | 9703500331 |
| 040 ## - FUENTE DE LA CATALOGACIÓN | |
| Centro catalogador/agencia de origen | MX-MxUPN |
| Lengua de catalogación | spa |
| 041 ## - CÓDIGO DE IDIOMA | |
| Código de lengua del texto/banda sonora o título independiente | spa |
| Código de lengua original | eng |
| 050 #4 - SIGNATURA TOPOGRÁFICA DE LA BIBLIOTECA DEL CONGRESO | |
| Número de clasificación | Z716.3 |
| Número de documento/Ítem | M36 2003 |
| 245 00 - MENCIÓN DE TÍTULO | |
| Título | Manual para promotores de bibliotecas |
| 250 ## - MENCIÓN DE EDICIÓN | |
| Mención de edición | 2a edición revisada, aumentada y corregida |
| 260 ## - PUBLICACIÓN, DISTRIBUCIÓN, ETC. | |
| Lugar de publicación, distribución, etc. | México : |
| Nombre del editor, distribuidor, etc. | Consejo Nacional para la Cultura y las Artes : |
| -- | Asociación Mexicana de Bibliotecarios : |
| -- | American Library Association, |
| Fecha de publicación, distribución, etc. | 2003. |
| 300 ## - DESCRIPCIÓN FÍSICA | |
| Extensión | 68 páginas : |
| Otras características físicas | ilustraciones |
| 490 0# - MENCIÓN DE SERIE | |
| Mención de serie | Colección Biblioteca del bibliotecario |
| 500 ## - NOTA GENERAL | |
| Nota general | Traducción de: Library advocate's handbook. |
| 650 #4 - ASIENTO SECUNDARIO DE MATERIA - TERMINO TEMATICO | |
| 9 (RLIN) | 50152 |
| Término de materia o nombre geográfico como elemento de entrada | Propaganda |
| Subdivisión general | Bibliotecas |
| 650 #4 - ASIENTO SECUNDARIO DE MATERIA - TERMINO TEMATICO | |
| 9 (RLIN) | 18881 |
| Término de materia o nombre geográfico como elemento de entrada | Relaciones públicas |
| Subdivisión general | Bibliotecas |
| 902 ## - ELEMENTOS DE DATOS B LOCAL, LDB (RLIN) | |
| Creó | Daniela Badillo 21/09/23 |
| Modificó | VíctorGodínez/041023 |
| 942 ## - ELEMENTOS DE PUNTO DE ACCESO ADICIONAL (KOHA) | |
| Fuente del sistema de clasificación o colocación | Library of Congress Classification |
| Tipo de ítem Koha | Libro |
| Estado de retiro | Estado de pérdida | Fuente del sistema de clasificación o colocación | Estado dañado | No para préstamo | Código de colección | Localización permanente | Ubicación/localización actual | Ubicación en estantería | Fecha de adquisición | Clasificación | Código de barras | Fecha visto por última vez | Precio válido a partir de | Tipo de ítem Koha | Número de copia |
|---|---|---|---|---|---|---|---|---|---|---|---|---|---|---|---|
| Library of Congress Classification | Colección General | Bib. Gregorio Torres Quintero | Bib. Gregorio Torres Quintero | Planta baja | 21/09/2023 | Z716.3 M36 2003 | 337510 | 21/09/2023 | 21/09/2023 | Libro | |||||
| Library of Congress Classification | Colección General | Bib. Gregorio Torres Quintero | Bib. Gregorio Torres Quintero | Planta baja | 21/09/2023 | Z716.3 M36 2003 | 337511 | 21/09/2023 | 21/09/2023 | Libro | Ej.2 | ||||
| Library of Congress Classification | Colección General | Bib. Gregorio Torres Quintero | Bib. Gregorio Torres Quintero | Planta baja | 21/09/2023 | Z716.3 M36 2003 | 337512 | 21/09/2023 | 21/09/2023 | Libro | Ej.3 |
